| Поле | Инд. | ПП | Название | Значение |
|---|---|---|---|---|
| Тип записи | a | |||
| Библиографический уровень | m | |||
| 001 | Контрольный номер | RU/IS/BASE/192120771 | ||
| 005 | Дата корректировки | 20220728142048.7 | ||
| 040 | b | Код языка каталог. | rus | |
| 041 | a | Код языка текста | rus | |
| 080 | a | Индекс УДК | 004.42 | |
| 084 | a | Индекс другой классификации/Индекс ББК | 32.973 | |
| 090 | a | Полочн. индекс | 681.3 | |
| c | Каталожный индекс | 681.3.06 | ||
| x | Авторский знак | А16 | ||
| 097 | b | Оператор | 11 | |
| 100 | a | Автор | Абрамов С. А. | |
| 245 | a | Заглавие | Элементы программирования | |
| 260 | a | Место издания | М. | |
| b | Издательство | Наука | ||
| c | Дата издания | 1982 | ||
| 300 | a | Объем | 94 с. | |
| 510 | a | Примечание о ссылках | Книги и методические пособия | |
| 650 | a | Основная рубрика | 50.05 Теоретические основы программирования | |
| x | Основная подрубрика | 50.05.03 Общетеоретические вопросы программирования | ||
| 653 | a | Ключевые слова | программирование | |
| 901 | t | Тип документа | m |